| 000 | 00530 a2200145 4500 | ||
|---|---|---|---|
| 082 | _aBICSE-6 | ||
| 100 |
_aAdnan Naveed _992388 |
||
| 245 |
_aAnalysis of broadband impedance matching techniques _cAdnan Naveed |
||
| 260 |
_aIslamabad _bNUST School of Electrical Engineering and Computer Science _c2012 |
||
| 300 |
_aviii, 24p. _b:ill. _c:27cm.+ _eCD-ROM |
||
| 500 | _aSupervisors: Ahsan Azhar, Yasir Iqbal | ||
| 700 | _aMuhammad Asad | ||
| 856 | _uhttp://10.250.8.41:8080/xmlui/handle/123456789/28907 | ||
| 942 |
_cPR _kBICSE-6 ADN _2ddc |
||
| 999 |
_c11248 _d11248 |
||